| 000 | 01215nam a2200265Ia 4500 | ||
|---|---|---|---|
| 999 |
_c54462 _d54462 |
||
| 001 | 21524 | ||
| 003 | GE_BSU | ||
| 005 | 20211129154156.0 | ||
| 008 | 181216s1969||||ge |||||||||||||| ||geo|| | ||
| 040 | _cGE_BSU | ||
| 041 | _ageo | ||
| 080 | _a811.353.1-8(075.8) კ-44 | ||
| 100 |
_aკვაჭაძე, ლ. (ლეო) _913102 |
||
| 245 |
_aქართული ენა ნაწ. 1 : ლექსიკა, ფონეტიკა, გრაფიკა და მორფოლოგია მართლწერის საკითხებითურთ : _bსახელმძღვანელო / _cლ. (ლეო) კვაჭაძე. |
||
| 250 | _aმე-2 გადამუშავებული და შევსებული | ||
| 264 |
_aთბილისი : _bგანათლება, _c1969. |
||
| 300 |
_a327 გვ. ; _c24 სმ. |
||
| 541 | _h1ლ. 62თ. | ||
| 653 | _aქართული ენა | ||
| 653 | _a ლექსიკა | ||
| 653 | _aფონეტიკა | ||
| 653 | _aგრაფიკა | ||
| 653 | _aმორფოლოგია მართლწერის საკითხებითურთ | ||
| 942 |
_cBK _2udc |
||